<?xml version="1.0" encoding="UTF-8"?><?xml-stylesheet type="text/xsl" href="static/style.xsl"?><OAI-PMH xmlns="http://www.openarchives.org/OAI/2.0/" xmlns:xsi="http://www.w3.org/2001/XMLSchema-instance" xsi:schemaLocation="http://www.openarchives.org/OAI/2.0/ http://www.openarchives.org/OAI/2.0/OAI-PMH.xsd"><responseDate>2026-06-01T06:29:11Z</responseDate><request verb="GetRecord" identifier="oai:riuma.uma.es:10630/39639" metadataPrefix="marc">https://riuma.uma.es/rest/oai/request</request><GetRecord><record><header><identifier>oai:riuma.uma.es:10630/39639</identifier><datestamp>2026-02-03T10:49:37Z</datestamp><setSpec>com_10630_2254</setSpec><setSpec>col_10630_37953</setSpec></header><metadata><record xmlns="http://www.loc.gov/MARC21/slim" xmlns:dcterms="http://purl.org/dc/terms/" xmlns:doc="http://www.lyncode.com/xoai" xmlns:xsi="http://www.w3.org/2001/XMLSchema-instance" xsi:schemaLocation="http://www.loc.gov/MARC21/slim http://www.loc.gov/standards/marcxml/schema/MARC21slim.xsd">
   <leader>00925njm 22002777a 4500</leader>
   <datafield ind2=" " ind1=" " tag="042">
      <subfield code="a">dc</subfield>
   </datafield>
   <datafield ind2=" " ind1=" " tag="720">
      <subfield code="a">Porras Florido, Carolina Patricia</subfield>
      <subfield code="e">author</subfield>
   </datafield>
   <datafield ind2=" " ind1=" " tag="720">
      <subfield code="a">Becerra-Muñoz, Elena</subfield>
      <subfield code="e">author</subfield>
   </datafield>
   <datafield ind2=" " ind1=" " tag="720">
      <subfield code="a">Victoria-Mas, Juan Salvador</subfield>
      <subfield code="e">author</subfield>
   </datafield>
   <datafield ind2=" " ind1=" " tag="260">
      <subfield code="c">2020</subfield>
   </datafield>
   <datafield ind2=" " ind1=" " tag="520">
      <subfield code="a">In contexts where communication skills can be learnt and &#xd;
taught, they become an ethical matter as far as the proper provision of &#xd;
healthcare is concerned. Communication skills bestow greater empathy &#xd;
to exchanges with the patients and they are necessary to improve the ways &#xd;
of relationship between physicians and patients.&#xd;
 This study analyses the Medicine degrees program at public univer&#xd;
sities in Andalusia. This study takes this Spanish region as a reference &#xd;
to evaluate the communication training in Public Medicine Schools, &#xd;
and offers them some suggestions to improve medical skill communi&#xd;
cation.&#xd;
 The multidisciplinary dimension of communication skills training &#xd;
could be a vital tool in encouraging certain types of patient behaviour. &#xd;
The ever-increasing frequency of assaults by patients on the medical staff &#xd;
attending them are the ultimate proof that this dimension is currently &#xd;
lacking.</subfield>
   </datafield>
   <datafield ind1="8" ind2=" " tag="024">
      <subfield code="a">Porras-Florido, C., Muñoz, E. B., &amp; Mas, J. S. V. (2020). Communication skills training in Medicine Degrees at Andalusia's Public Universities: an ethical matter. Ramon Llull Journal of Applied Ethics, (11), 119-136.</subfield>
   </datafield>
   <datafield ind1="8" ind2=" " tag="024">
      <subfield code="a">https://raco.cat/index.php/rljae/article/view/368533</subfield>
   </datafield>
   <datafield ind1="8" ind2=" " tag="024">
      <subfield code="a">https://hdl.handle.net/10630/39639</subfield>
   </datafield>
   <datafield tag="653" ind2=" " ind1=" ">
      <subfield code="a">Medicina - Estudio y enseñanza superior</subfield>
   </datafield>
   <datafield tag="653" ind2=" " ind1=" ">
      <subfield code="a">Médicos y pacientes</subfield>
   </datafield>
   <datafield tag="653" ind2=" " ind1=" ">
      <subfield code="a">Comunicación en medicina</subfield>
   </datafield>
   <datafield ind2="0" ind1="0" tag="245">
      <subfield code="a">Communication Skills Training in Medicine Degrees at Andalusias's Public Universities: An Ethical Matter</subfield>
   </datafield>
</record>
</metadata></record></GetRecord></OAI-PMH>